[Event "DEM U10w 2024"]
[Site "Willingen GER"]
[Date "2024.05.25"]
[Round "11"]
[White "Malan, Benita Helena"]
[Black "Tadic, Lena"]
[Result "0-1"]
[Termination "normal"]
[Board "18"]
[WhiteElo "738"]
[BlackElo "980"]
[WhiteClock "01:17:50"]
[BlackClock "01:22:49"]
[PlyCount "82"]
[BlackFideId "34687300"]
[EventCountry "GER"]
[EventRounds "11"]
[EventType "swiss"]
[EventDate "2024.05.18"]

1. e4 {[%clk 01:15:58]} {[%emt 00:00:01]} c6 {[%clk 01:15:51]} {[%emt
00:00:10]} 2. d3 {[%clk 01:16:22]} {[%emt 00:00:06]} d5 {[%clk 01:16:13]}
{[%emt 00:00:07]} 3. Nd2 {[%clk 01:16:42]} {[%emt 00:00:10]} dxe4 {[%clk
01:16:01]} {[%emt 00:00:43]} 4. Nxe4 {[%clk 01:16:47]} {[%emt 00:00:24]} Nf6
{[%clk 01:16:12]} {[%emt 00:00:20]} 5. Nc3 {[%clk 01:16:58]} {[%emt 00:00:19]}
Bf5 {[%clk 01:16:28]} {[%emt 00:00:13]} 6. Nf3 {[%clk 01:17:10]} {[%emt
00:00:18]} e6 {[%clk 01:16:14]} {[%emt 00:00:45]} 7. Bf4 {[%clk 01:17:04]}
{[%emt 00:00:36]} Bd6 {[%clk 01:15:50]} {[%emt 00:00:53]} 8. d4 {[%clk
01:17:11]} {[%emt 00:00:24]} Bxf4 {[%clk 01:16:06]} {[%emt 00:00:14]} 9. d5
{[%clk 01:15:46]} {[%emt 00:01:55]} Nxd5 {[%clk 01:15:55]} {[%emt 00:00:41]}
10. Bc4 {[%clk 01:15:58]} {[%emt 00:00:16]} O-O {[%clk 01:15:55]} {[%emt
00:00:31]} 11. O-O {[%clk 01:16:19]} {[%emt 00:00:09]} Nxc3 {[%clk 01:16:07]}
{[%emt 00:00:18]} 12. Qxd8 {[%clk 01:16:00]} {[%emt 00:00:49]} Rxd8 {[%clk
01:16:29]} {[%emt 00:00:08]} 13. bxc3 {[%clk 01:16:07]} {[%emt 00:00:23]} Bxc2
{[%clk 01:16:35]} {[%emt 00:00:23]} 14. Ne1 {[%clk 01:15:47]} {[%emt 00:00:51]}
Bg6 {[%clk 01:15:54]} {[%emt 00:01:12]} 15. Nd3 {[%clk 01:16:03]} {[%emt
00:00:13]} Bxd3 {[%clk 01:16:10]} {[%emt 00:00:14]} 16. Bxd3 {[%clk 01:16:24]}
{[%emt 00:00:10]} Rxd3 {[%clk 01:16:32]} {[%emt 00:00:08]} 17. Rfd1 {[%clk
01:16:38]} {[%emt 00:00:15]} Rxd1+ {[%clk 01:16:45]} {[%emt 00:00:17]} 18. Rxd1
{[%clk 01:16:57]} {[%emt 00:00:11]} Na6 {[%clk 01:17:03]} {[%emt 00:00:12]} 19.
g3 {[%clk 01:17:06]} {[%emt 00:00:21]} Bg5 {[%clk 01:17:14]} {[%emt 00:00:19]}
20. f4 {[%clk 01:17:12]} {[%emt 00:00:24]} Bf6 {[%clk 01:17:30]} {[%emt
00:00:15]} 21. g4 {[%clk 01:15:51]} {[%emt 00:01:50]} Rd8 {[%clk 01:17:48]}
{[%emt 00:00:12]} 22. Rc1 {[%clk 01:14:53]} {[%emt 00:01:27]} g5 {[%clk
01:17:57]} {[%emt 00:00:22]} 23. f5 {[%clk 01:14:56]} {[%emt 00:00:27]} exf5
{[%clk 01:18:18]} {[%emt 00:00:10]} 24. gxf5 {[%clk 01:15:04]} {[%emt
00:00:22]} Rd2 {[%clk 01:18:28]} {[%emt 00:00:20]} 25. c4 {[%clk 01:15:05]}
{[%emt 00:00:29]} Rxa2 {[%clk 01:18:33]} {[%emt 00:00:23]} 26. Re1 {[%clk
01:15:05]} {[%emt 00:00:31]} Ra1 {[%clk 01:18:54]} {[%emt 00:00:10]} 27. Rxa1
{[%clk 01:15:15]} {[%emt 00:00:19]} Bxa1 {[%clk 01:19:18]} {[%emt 00:00:06]}
28. h3 {[%clk 01:15:26]} {[%emt 00:00:18]} b5 {[%emt 00:00:14]} 29. Kf1 {[%clk
01:15:25]} {[%emt 00:00:27]} bxc4 {[%clk 01:19:52]} {[%emt 00:00:18]} 30. Ke1
{[%clk 01:15:44]} {[%emt 00:00:10]} c3 {[%clk 01:20:08]} {[%emt 00:00:14]} 31.
Kd1 {[%clk 01:16:05]} {[%emt 00:00:08]} Nb4 {[%clk 01:20:27]} {[%emt 00:00:13]}
32. Kc1 {[%clk 01:16:23]} {[%emt 00:00:11]} c2 {[%clk 01:20:46]} {[%emt
00:00:12]} 33. f6 {[%clk 01:16:41]} {[%emt 00:00:11]} Bxf6 {[%clk 01:20:54]}
{[%emt 00:00:22]} 34. Kd2 {[%clk 01:16:40]} {[%emt 00:00:30]} Bb2 {[%clk
01:21:13]} {[%emt 00:00:13]} 35. Ke3 {[%clk 01:16:45]} {[%emt 00:00:24]} c1=Q+
{[%clk 01:21:34]} {[%emt 00:00:10]} 36. Kf3 {[%clk 01:16:44]} {[%emt 00:00:30]}
Qf4+ {[%clk 01:21:51]} {[%emt 00:00:13]} 37. Ke2 {[%clk 01:16:48]} {[%emt
00:00:25]} Qg3 {[%clk 01:21:59]} {[%emt 00:00:23]} 38. Kd2 {[%clk 01:17:01]}
{[%emt 00:00:16]} Qd3+ {[%clk 01:22:20]} {[%emt 00:00:10]} 39. Ke1 {[%clk
01:17:22]} {[%emt 00:00:09]} Qc2 {[%clk 01:22:28]} {[%emt 00:00:22]} 40. h4
{[%clk 01:17:42]} {[%emt 00:00:10]} Nd3+ {[%clk 01:22:49]} {[%emt 00:00:10]}
41. Kf1 {[%clk 01:17:50]} {[%emt 00:00:12]} Qf2# {[%emt 00:00:35]} 0-1

[Event "DEM U10w 2024"]
[Site "Willingen GER"]
[Date "2024.05.25"]
[Round "11"]
[White "He, Siqi"]
[Black "Pygoch, Lene"]
[Result "0-1"]
[Termination "normal"]
[Board "19"]
[WhiteElo "907"]
[BlackElo "917"]
[WhiteClock "01:14:04"]
[BlackClock "01:09:14"]
[PlyCount "40"]
[WhiteFideId "34682708"]
[BlackFideId "533016496"]
[EventCountry "GER"]
[EventRounds "11"]
[EventType "swiss"]
[EventDate "2024.05.18"]

1. e4 {[%clk 01:15:59]} {[%emt 12:19:43]} e5 {[%clk 01:15:52]} {[%emt
00:00:08]} 2. Nf3 {[%clk 01:16:21]} {[%emt 00:00:08]} Nc6 {[%clk 01:16:14]}
{[%emt 00:00:08]} 3. Nc3 {[%clk 01:16:44]} {[%emt 00:00:08]} Nf6 {[%clk
01:16:10]} {[%emt 00:00:33]} 4. d4 {[%clk 01:17:03]} {[%emt 00:00:11]} exd4
{[%clk 01:15:56]} {[%emt 00:00:43]} 5. Nxd4 {[%clk 01:17:27]} {[%emt 00:00:07]}
Nxd4 {[%clk 01:16:16]} {[%emt 00:00:10]} 6. Qxd4 {[%clk 01:17:50]} {[%emt
00:00:08]} b6 {[%clk 01:15:10]} {[%emt 00:01:36]} 7. Nd5 {[%clk 01:17:28]}
{[%emt 00:00:49]} Nxd5 {[%clk 01:14:44]} {[%emt 00:00:58]} 8. Qxd5 {[%clk
01:17:33]} {[%emt 00:00:25]} c6 {[%clk 01:13:41]} {[%emt 00:01:34]} 9. Qb3
{[%clk 01:17:26]} {[%emt 00:00:32]} Bc5 {[%clk 01:12:47]} {[%emt 00:01:28]} 10.
Be2 {[%clk 01:17:16]} {[%emt 00:00:37]} d6 {[%clk 01:12:58]} {[%emt 00:00:23]}
11. O-O {[%clk 01:17:37]} {[%emt 00:00:08]} Be6 {[%clk 01:13:00]} {[%emt
00:00:29]} 12. Qg3 {[%clk 01:15:56]} {[%emt 00:02:08]} Qc7 {[%clk 01:12:40]}
{[%emt 00:00:52]} 13. Qxg7 {[%clk 01:15:47]} {[%emt 00:00:37]} Rf8 {[%clk
01:12:44]} {[%emt 00:00:27]} 14. Qxh7 {[%clk 01:15:38]} {[%emt 00:00:38]} d5
{[%clk 01:10:35]} {[%emt 00:02:40]} 15. exd5 {[%emt 00:01:12]} Bxd5 {[%clk
01:10:35]} {[%emt 00:00:15]} 16. Bh6 {[%clk 01:15:23]} {[%emt 00:00:18]} Qe7
{[%clk 01:08:57]} {[%emt 00:02:09]} 17. Bxf8 {[%emt 00:01:28]} Qxe2 {[%clk
01:08:58]} {[%emt 00:00:03]} 18. Rfe1 {[%clk 01:15:08]} {[%emt 00:00:11]} Bxf2+
{[%clk 01:08:37]} {[%emt 00:00:52]} 19. Kh1 {[%clk 01:14:16]} {[%emt 00:01:21]}
Bxe1 {[%clk 01:08:57]} {[%emt 00:00:11]} 20. h3 {[%clk 01:14:04]} {[%emt
00:00:39]} Qxg2# {[%clk 01:09:14]} {[%emt 00:00:17]} 0-1

[Event "DEM U10w 2024"]
[Site "Willingen GER"]
[Date "2024.05.25"]
[Round "11"]
[White "Naz Öksüz, Meryem"]
[Black "Wittmann, Finja-Marie"]
[Result "1-0"]
[Termination "normal"]
[Board "20"]
[WhiteElo "1154"]
[BlackElo "763"]
[WhiteClock "01:05:32"]
[BlackClock "01:22:59"]
[PlyCount "177"]
[WhiteFideId "533025860"]
[BlackFideId "34673903"]
[EventCountry "GER"]
[EventRounds "11"]
[EventType "swiss"]
[EventDate "2024.05.18"]

1. e4 {[%clk 01:15:58]} {[%emt 00:00:01]} e5 {[%clk 01:15:56]} {[%emt
00:00:04]} 2. Nf3 {[%clk 01:16:15]} {[%emt 00:00:13]} Nc6 {[%clk 01:16:24]}
{[%emt 00:00:03]} 3. Bc4 {[%clk 01:16:42]} {[%emt 00:00:04]} Bc5 {[%clk
01:16:47]} {[%emt 00:00:06]} 4. O-O {[%clk 01:16:41]} {[%emt 00:00:31]} Nf6
{[%clk 01:17:13]} {[%emt 00:00:04]} 5. d4 {[%clk 01:16:58]} {[%emt 00:00:13]}
Bb6 {[%clk 01:17:19]} {[%emt 00:00:25]} 6. dxe5 {[%clk 01:16:59]} {[%emt
00:00:28]} Ng4 {[%clk 01:16:49]} {[%emt 00:01:00]} 7. Bxf7+ {[%clk 01:16:29]}
{[%emt 00:00:59]} Kxf7 {[%clk 01:16:35]} {[%emt 00:00:44]} 8. Ng5+ {[%clk
01:16:46]} {[%emt 00:00:13]} Ke8 {[%clk 01:16:49]} {[%emt 00:00:16]} 9. Qxg4
{[%clk 01:17:04]} {[%emt 00:00:12]} d6 {[%clk 01:15:43]} {[%emt 00:01:37]} 10.
Qf3 {[%clk 01:16:46]} {[%emt 00:00:47]} Qe7 {[%clk 01:15:39]} {[%emt 00:00:34]}
11. exd6 {[%clk 01:16:43]} {[%emt 00:00:34]} cxd6 {[%clk 01:15:59]} {[%emt
00:00:09]} 12. Nc3 {[%clk 01:16:25]} {[%emt 00:00:49]} Rf8 {[%clk 01:16:05]}
{[%emt 00:00:24]} 13. Qh5+ {[%clk 01:16:33]} {[%emt 00:00:20]} Kd8 {[%clk
01:16:16]} {[%emt 00:00:21]} 14. Qxh7 {[%clk 01:15:05]} {[%emt 00:01:58]} Bg4
{[%clk 01:13:03]} {[%emt 00:03:43]} 15. h3 {[%clk 01:14:16]} {[%emt 00:01:18]}
Be6 {[%clk 01:11:47]} {[%emt 00:01:47]} 16. Nxe6+ {[%clk 01:14:16]} {[%emt
00:00:29]} Qxe6 {[%clk 01:12:05]} {[%emt 00:00:12]} 17. Qxg7 {[%clk 01:14:38]}
{[%emt 00:00:09]} Qe7 {[%clk 01:12:25]} {[%emt 00:00:10]} 18. Qg4 {[%clk
01:13:24]} {[%emt 00:01:40]} Ne5 {[%clk 01:12:00]} {[%emt 00:00:58]} 19. Qh5
{[%clk 01:11:42]} {[%emt 00:02:12]} Qf6 {[%clk 01:11:08]} {[%emt 00:01:21]} 20.
Bg5 {[%clk 01:11:29]} {[%emt 00:00:45]} Ke7 {[%clk 01:11:03]} {[%emt 00:00:35]}
21. Bxf6+ {[%clk 01:11:47]} {[%emt 00:00:12]} Rxf6 {[%clk 01:11:25]} {[%emt
00:00:08]} 22. Nd5+ {[%clk 01:12:09]} {[%emt 00:00:08]} Ke6 {[%clk 01:10:31]}
{[%emt 00:01:24]} 23. Qe8+ {[%clk 01:11:57]} {[%emt 00:00:11]} Rxe8 {[%emt
00:00:11]} 24. Nxf6 {[%clk 01:12:00]} {[%emt 00:00:20]} Kxf6 {[%clk 01:10:52]}
{[%emt 00:00:09]} 25. Rad1 {[%clk 01:11:41]} {[%emt 00:00:48]} Bc7 {[%clk
01:11:04]} {[%emt 00:00:18]} 26. Rfe1 {[%clk 01:11:35]} {[%emt 00:00:36]} Ke6
{[%clk 01:11:06]} {[%emt 00:00:29]} 27. h4 {[%clk 01:11:50]} {[%emt 00:00:15]}
Rh8 {[%clk 01:11:27]} {[%emt 00:00:09]} 28. g4 {[%clk 01:11:24]} {[%emt
00:00:56]} Rxh4 {[%clk 01:11:33]} {[%emt 00:00:24]} 29. Kf1 {[%clk 01:11:29]}
{[%emt 00:00:24]} Rh1+ {[%clk 01:11:48]} {[%emt 00:00:16]} 30. Ke2 {[%clk
01:11:29]} {[%emt 00:00:30]} Rh2 {[%clk 01:11:56]} {[%emt 00:00:16]} 31. Rh1
{[%clk 01:10:25]} {[%emt 00:01:36]} Nxg4 {[%clk 01:12:01]} {[%emt 00:00:28]}
32. Rxh2 {[%clk 01:10:17]} {[%emt 00:00:39]} Nxh2 {[%emt 00:00:48]} 33. f4
{[%clk 01:10:06]} Ng4 {[%clk 01:12:20]} {[%emt 00:00:34]} 34. Rg1 {[%clk
01:09:51]} {[%emt 00:00:43]} Nf6 {[%emt 00:01:09]} 35. Ke3 {[%clk 01:09:11]}
{[%emt 00:00:09]} Bb6+ {[%clk 01:13:06]} {[%emt 00:00:08]} 36. Kf3 {[%clk
01:08:32]} {[%emt 00:01:08]} Bxg1 {[%clk 01:13:26]} {[%emt 00:00:11]} 37. f5+
{[%clk 01:08:51]} {[%emt 00:00:11]} Ke5 {[%clk 01:13:35]} {[%emt 00:00:20]} 38.
a4 {[%clk 01:08:48]} {[%emt 00:00:34]} Nxe4 {[%clk 01:13:56]} {[%emt 00:00:09]}
39. Kg4 {[%clk 01:08:55]} {[%emt 00:00:23]} Nf6+ {[%clk 01:14:16]} {[%emt
00:00:09]} 40. Kg5 {[%clk 01:09:03]} {[%emt 00:00:23]} Be3 {[%clk 01:14:35]}
{[%emt 00:00:09]} 41. Kg6 {[%clk 01:09:29]} {[%emt 00:00:05]} Bd4 {[%clk
01:14:38]} {[%emt 00:00:27]} 42. b4 {[%clk 01:09:32]} {[%emt 00:00:29]} Ng8
{[%clk 01:14:19]} {[%emt 00:00:48]} 43. c4 {[%clk 01:09:37]} {[%emt 00:00:25]}
Ne7+ {[%clk 01:14:43]} {[%emt 00:00:07]} 44. Kf7 {[%clk 01:09:51]} {[%emt
00:00:16]} Nxf5 {[%clk 01:14:57]} {[%emt 00:00:14]} 45. Ke8 {[%clk 01:10:13]}
{[%emt 00:00:07]} Ng7+ {[%clk 01:15:20]} {[%emt 00:00:09]} 46. Kd7 {[%clk
01:10:29]} {[%emt 00:00:15]} Ne6 {[%clk 01:15:14]} {[%emt 00:00:36]} 47. Kc8
{[%clk 01:09:46]} {[%emt 00:01:12]} b6 {[%clk 01:15:13]} {[%emt 00:00:31]} 48.
Kb8 {[%clk 01:09:43]} {[%emt 00:00:33]} a6 {[%clk 01:15:24]} {[%emt 00:00:20]}
49. Kb7 {[%clk 01:09:39]} {[%emt 00:00:32]} a5 {[%clk 01:15:37]} {[%emt
00:00:19]} 50. bxa5 {[%clk 01:09:16]} {[%emt 00:00:51]} bxa5 {[%clk 01:16:04]}
{[%emt 00:00:04]} 51. Ka6 {[%clk 01:09:15]} {[%emt 00:00:31]} Nc5+ {[%clk
01:16:02]} {[%emt 00:00:32]} 52. Kxa5 {[%clk 01:09:15]} {[%emt 00:00:28]} Bc3+
{[%clk 01:16:29]} {[%emt 00:00:04]} 53. Kb5 {[%clk 01:09:15]} {[%emt 00:00:31]}
Kd4 {[%clk 01:16:37]} {[%emt 00:00:22]} 54. a5 {[%clk 01:09:20]} {[%emt
00:00:25]} Nb7 {[%clk 01:16:53]} {[%emt 00:00:15]} 55. a6 {[%clk 01:09:33]}
{[%emt 00:00:17]} Na5 {[%clk 01:16:22]} {[%emt 00:01:01]} 56. a7 {[%clk
01:09:47]} {[%emt 00:00:15]} Nxc4 {[%clk 01:16:07]} {[%emt 00:00:44]} 57. a8=Q
{[%clk 01:10:06]} {[%emt 00:00:12]} d5 {[%clk 01:16:17]} {[%emt 00:00:20]} 58.
Qa7+ {[%clk 01:09:55]} {[%emt 00:00:40]} Kd3 {[%clk 01:16:32]} {[%emt
00:00:15]} 59. Qh7+ {[%clk 01:10:05]} {[%emt 00:00:19]} Kd4 {[%clk 01:16:49]}
{[%emt 00:00:15]} 60. Qh4+ {[%clk 01:10:04]} {[%emt 00:00:31]} Kd3 {[%clk
01:17:10]} {[%emt 00:00:10]} 61. Qh7+ {[%clk 01:10:14]} {[%emt 00:01:05]} Kd4
{[%clk 01:17:30]} {[%emt 00:00:11]} 62. Ka4 {[%clk 01:10:12]} {[%emt 00:00:30]}
Nb2+ {[%clk 01:17:43]} {[%emt 00:00:17]} 63. Kb3 {[%clk 01:10:22]} {[%emt
00:00:20]} Nd3 {[%clk 01:17:45]} {[%emt 00:00:29]} 64. Qh4+ {[%clk 01:10:09]}
{[%emt 00:00:42]} Ke3 {[%clk 01:18:00]} {[%emt 00:00:16]} 65. Kxc3 {[%clk
01:09:41]} {[%emt 00:00:58]} Nf4 {[%clk 01:17:45]} {[%emt 00:00:45]} 66. Qg3
{[%clk 01:09:45]} {[%emt 00:00:26]} Ke4 {[%clk 01:18:07]} {[%emt 00:00:08]} 67.
Qe1+ {[%clk 01:09:54]} {[%emt 00:00:21]} Kf5 {[%clk 01:18:27]} {[%emt
00:00:10]} 68. Qb1+ {[%clk 01:10:03]} {[%emt 00:00:21]} Ke5 {[%clk 01:18:47]}
{[%emt 00:00:10]} 69. Qb8+ {[%clk 01:10:12]} {[%emt 00:00:21]} Ke4 {[%clk
01:19:04]} {[%emt 00:00:12]} 70. Kd2 {[%clk 01:07:14]} {[%emt 00:03:27]} Nd3
{[%clk 01:18:42]} {[%emt 00:00:52]} 71. Qe8+ {[%clk 01:06:53]} {[%emt
00:00:52]} Kd4 {[%clk 01:19:04]} {[%emt 00:00:08]} 72. Qa4+ {[%clk 01:06:52]}
{[%emt 00:00:27]} Nb4 {[%clk 01:19:04]} {[%emt 00:00:34]} 73. Qxb4+ {[%clk
01:07:14]} {[%emt 00:00:09]} Ke5 {[%clk 01:19:29]} {[%emt 00:00:06]} 74. Qb8+
{[%clk 01:07:31]} {[%emt 00:00:12]} Kd4 {[%clk 01:19:48]} {[%emt 00:00:12]} 75.
Qa7+ {[%clk 01:06:31]} {[%emt 00:01:29]} Ke5 {[%clk 01:20:10]} {[%emt
00:00:08]} 76. Kd3 {[%clk 01:06:40]} {[%emt 00:00:21]} Ke6 {[%clk 01:20:22]}
{[%emt 00:00:18]} 77. Kd4 {[%clk 01:06:37]} {[%emt 00:00:32]} Kd6 {[%clk
01:20:35]} {[%emt 00:00:17]} 78. Qb6+ {[%clk 01:06:37]} {[%emt 00:00:30]} Ke7
{[%clk 01:20:49]} {[%emt 00:00:16]} 79. Kxd5 {[%clk 01:06:59]} {[%emt
00:00:09]} Kf7 {[%clk 01:21:11]} {[%emt 00:00:08]} 80. Qe6+ {[%clk 01:07:13]}
{[%emt 00:00:15]} Kg7 {[%clk 01:21:31]} {[%emt 00:00:08]} 81. Ke5 {[%clk
01:07:01]} {[%emt 00:00:43]} Kh7 {[%clk 01:21:38]} {[%emt 00:00:20]} 82. Qf6
{[%clk 01:07:05]} {[%emt 00:00:29]} Kg8 {[%clk 01:21:54]} {[%emt 00:00:15]} 83.
Qe6+ {[%clk 01:07:02]} {[%emt 00:00:33]} Kh7 {[%clk 01:22:16]} {[%emt
00:00:08]} 84. Kf5 {[%clk 01:07:06]} {[%emt 00:00:27]} Kh8 {[%clk 01:22:34]}
{[%emt 00:00:12]} 85. Kg5 {[%clk 01:07:06]} {[%emt 00:00:29]} Kh7 {[%clk
01:22:29]} {[%emt 00:00:08]} 86. Kh5 {[%clk 01:05:34]} {[%emt 00:02:28]} Kh8
{[%clk 01:22:50]} {[%emt 00:00:11]} 87. Qe7 {[%clk 01:05:42]} {[%emt 00:00:22]}
Kg8 {[%clk 01:23:13]} {[%emt 00:00:08]} 88. Kg6 {[%clk 01:05:41]} {[%emt
00:00:29]} Kh8 {[%clk 01:22:59]} {[%emt 00:00:45]} 89. Qh7# {[%clk 01:05:32]}
{[%emt 00:00:06]} 1-0